000 00652nam a22002171a 4500
001 10045
003 OSt
005 20260204212143.0
008 070812s2007||||mx ||||||b||||||||||spa||
020 _a9702607612
050 _a657.42 H784c
100 _aHorgren, Charles T.
245 _aContabilidad de costos: enfoque gerencial / Charles T. Horgren, Srikant M. Datar y George Foster
250 _a12
264 _aMéxico : Pearson Educación
300 _a868 p.
500 _aIncluye índice, bibliografía y apéndice
650 _aContabilidad de Costos.
700 _aDatar,Srikant M. II.Foster, George, III. Tít.Ì
942 _2ddc
_cBK
999 _c10045
_d10045